000 00520nam a2200169Ia 4500
003 GCL
008 140319s9999 xx 000 0 ara d
040 _aGCL /
_cGCL
082 0 4 _aد
_b050
100 1 _aسيد حامد النساج
245 1 0 _aبحوث ودراسات ادبية ( اقرا 436 ) /
_cسيد حامد النساج
300 _a213
490 _aوثائق ونصوص
_v0
650 0 4 _aالادب العربى - تاريخ ونقد
650 0 4 _aالادب العربى - بحوث
942 _2ddc
_cCF
999 _c27193
_d27193